书目信息 |
| 题名: |
信息资源获取与应用
|
|
| 作者: | 肖爱斌 , 许萍 主编 | |
| 分册: | ||
| 出版信息: | 北京 中国书籍出版社 2013.1 |
|
| 页数: | 257页 | |
| 开本: | 24cm | |
| 丛书名: | ||
| 单 册: | ||
| 中图分类: | G254.97 | |
| 科图分类: | ||
| 主题词: | 情报检索 | |
| 电子资源: | ||
| ISBN: | 978-7-5068-3063-8 | |
| 000 | 01253nam0 2200253 45 | |
| 001 | 1360542156 | |
| 005 | 20130603084556.39 | |
| 010 | @a978-7-5068-3063-8@dCNY49.00 | |
| 100 | @a20130513d2013 em y0chiy50 ea | |
| 101 | 0 | @achi |
| 102 | @aCN@b110000 | |
| 105 | @ay z 000yy | |
| 106 | @ar | |
| 200 | 1 | @a信息资源获取与应用@AXin Xi Zi Yuan Huo Qu Yu Ying Yong@f许萍,肖爱斌主编@FXu Ping, Xiao Ai Bin Zhu Bian |
| 210 | @a北京@c中国书籍出版社@d2013.1 | |
| 215 | @a257页@d24cm | |
| 300 | @a中国书籍文库 | |
| 330 | @a本书参考了国内外大量研究成果、相关资料和检索系统,阐述了信息检索的原理、方法、技术与应用。其中第1-2章论述了信息检索的基本概念、基本原理和基本方法;第3-5章分别概述了学术信息源——图书、期刊论文、学位论文、会议论文、报纸文章、术语信息、事实数值信息、专利与标准、网络学术资源的检索与利用;第6-7章介绍了国内外主要检索工具和数据库结构、类型与功能,列举了检索实例和界面;第8章阐述了如何在信息检索理论与实践的基础上,设计并撰写出一篇有价值、规范的学术论文,重点说明学术论文设计与撰写过程中需要注意的一些主要问题,以及应该遵循的学术规范。 | |
| 606 | 0 | @a情报检索 |
| 690 | @aG254.97@v5 | |
| 701 | 0 | @a肖爱斌@AXiao Ai Bin@4主编 |
| 701 | 0 | @a许萍@AXu Ping@4主编 |
| 801 | @aCN@bTANGWEI@c20130523 | |
| 905 | @b0835092-97@dG254.97@e117@f6 | |
| 信息资源获取与应用/许萍,肖爱斌主编.-北京:中国书籍出版社,2013.1 |
| 257页;24cm |
| 中国书籍文库 |
| ISBN 978-7-5068-3063-8:CNY49.00 |
| 本书参考了国内外大量研究成果、相关资料和检索系统,阐述了信息检索的原理、方法、技术与应用。其中第1-2章论述了信息检索的基本概念、基本原理和基本方法;第3-5章分别概述了学术信息源——图书、期刊论文、学位论文、会议论文、报纸文章、术语信息、事实数值信息、专利与标准、网络学术资源的检索与利用;第6-7章介绍了国内外主要检索工具和数据库结构、类型与功能,列举了检索实例和界面;第8章阐述了如何在信息检索理论与实践的基础上,设计并撰写出一篇有价值、规范的学术论文,重点说明学术论文设计与撰写过程中需要注意的一些主要问题,以及应该遵循的学术规范。 |
| ● |
| 相关链接 |
|
|
|
|
正题名:信息资源获取与应用
索取号:G254.97/117
 
预约/预借
| 序号 | 登录号 | 条形码 | 馆藏地/架位号 | 状态 | 备注 |
| 1 | 0835092 | 208350924 | 第一样本阅览室/ [索取号:G254.97/117] | 在馆 | |
| 2 | 0835093 | 208350933 | 第四借阅区/ [索取号:G254.97/117] | 在馆 | |
| 3 | 0835094 | 208350942 | 第四借阅区/ [索取号:G254.97/117] | 在馆 | |
| 4 | 0835095 | 208350951 | 第四借阅区/ [索取号:G254.97/117] | 在馆 | |
| 5 | 0835096 | 208350960 | 第四借阅区/ [索取号:G254.97/117] | 在馆 | |
| 6 | 0835097 | 208350979 | 第四借阅区/ [索取号:G254.97/117] | 在馆 |